[Event "Gjøvik GM Swiss"]
[Site "Gjøvik, Norway"]
[Date "2008.12.29"]
[Round "1"]
[White "Toma, Katarzyna"]
[Black "Gandrud, Vegar Koi"]
[Result "0-1"]
[WhiteElo "2230"]
[BlackElo "2023"]
[PlyCount "80"]
[EventDate "2008.12.29"]
[SourceDate "2008.12.29"]

1. e4 c5 2. Nf3 d6 3. d4 cxd4 4. Nxd4 Nf6 5. Nc3 a6 6. Be3 e6 7. Qe2 b5 8. f3
Bb7 9. O-O-O Nbd7 10. g4 h6 11. h4 b4 12. Na4 Qa5 13. b3 Nc5 14. a3 Nxa4 15.
axb4 Qc7 16. bxa4 d5 17. e5 Nd7 18. f4 Nb6 19. f5 Nxa4 20. fxe6 Nc3 21. exf7+
Kxf7 22. Qf2+ Kg8 23. Bd3 Bxb4 24. Rdf1 Ba3+ 25. Kd2 Ne4+ 26. Bxe4 dxe4 27. Qf5
Bb4+ 28. Kd1 Bd5 29. e6 Bc4 30. Qxe4 Rd8 31. Rf5 Qe7 32. Re5 Bc3 33. Rh3 Rb8
34. Nb3 Bxe5 35. Qxc4 Re8 36. Nc5 Bd6 37. Rf3 Bxc5 38. Bxc5 Qxe6 39. Rf8+ Kh7
40. Qd3+ Qe4 0-1